Raktározási munkafolyamatok gyakorlati szempontból egy nagykereskedelmi közvetítő cégnél - A DDA Kft. belföldi logisztikai folyamatainak bemutatása

Bibliográfiai részletek
Szerző: Faragó György
További közreműködők: Horváth Dr. Annamária
Dokumentumtípus: Záródolgozat
Kulcsszavak:DDA Kft.
Beszerzés
Raktározás
Online Access:http://dolgozattar.uni-bge.hu/15451

MARC

LEADER 00000nta a2200000 i 4500
001 dolg15451
005 20200429071719.0
008 180505suuuu hu o 000 hun d
040 |a BGE Dolgozattár Repozitórium  |b hun 
041 |a hu 
100 1 |a Faragó György 
245 1 0 |a Raktározási munkafolyamatok gyakorlati szempontból egy nagykereskedelmi közvetítő cégnél - A DDA Kft. belföldi logisztikai folyamatainak bemutatása  |c Faragó György  |h [elektronikus dokumentum] 
246 1 1 |a Raktározási munkafolyamatok gyakorlati szempontból egy nagykereskedelmi közvetítő cégnél - A DDA Kft. belföldi logisztikai folyamatainak bemutatása 
516 |a Final_paper 
695 |a DDA Kft. 
695 |a Beszerzés 
695 |a Raktározás 
700 1 |a Horváth Dr. Annamária  |e ths 
856 4 0 |u http://dolgozattar.uni-bge.hu/15451/1/Farag%C3%B3%20Gy%C3%B6rgy%202018%2C%20Z%C3%A1r%C3%B3dolgozat.pdf  |z Dokumentum-elérés